000 00511nam a2200169Ia 4500
003 GCL
008 140319s9999 xx 000 0 ara d
040 _aGCL /
_cGCL
082 0 4 _a831
_bع ق
100 1 _aعبدالغفار مكاوى
245 1 0 _aقصائد من برتولت برخت /
_cعبدالغفار مكاوى
300 _a195 ص
490 _aالهيئة العامة للاستعلامات
_v0
650 0 4 _aالشعر الالمانى
650 0 4 _aبرخت, برتولد
942 _2ddc
_cBK
999 _c50583
_d50583